| 000 | 00840nam a2200253 a 4500 | ||
|---|---|---|---|
| 001 | BRCA_4670 | ||
| 005 | 20190320204746.0 | ||
| 008 | 300910s1999----sp-a######---#000-0#spa-# | ||
| 020 | _a8488333358 | ||
| 041 | _aspa | ||
| 044 | _asp | ||
| 050 | 4 |
_aPQ6388 _b.C67 1999 |
|
| 100 | 1 |
_aCórdoba, Juan de _911842 |
|
| 245 | 1 | 0 |
_aLidamor de Escocia _b(Salamanca, 1534) : guía de lectura _cJuan de Córdoba y Jorge Francisco Sáenz Carbonell. |
| 260 |
_aAlcalá de Henares [España] _bCentro de Estudios Cervantinos _c1999 |
||
| 300 |
_a80 p. _bil. _c24 cm |
||
| 440 | 0 |
_aGuías de lectura caballeresca _v34 _911843 |
|
| 500 | _aIncluye índice general de la colección | ||
| 505 | 0 | _aBibliografía: [p. 75] | |
| 650 | 1 | 4 |
_aLiteratura _zEspaña _911844 |
| 700 | 1 |
_aSáenz Carbonell, Jorge Francisco _911845 |
|
| 902 | _aCERV | ||
| 942 |
_2lcc _cB |
||
| 999 |
_c4371 _d4371 |
||